Veinte himnos sacros de los nahuas (Record no. 9951)
[ view plain ]
| 000 -CABECERA | |
|---|---|
| campo de control de longitud fija | 01072nam a2200265 a 4500 |
| 001 - NÚMERO DE CONTROL | |
| campo de control | BRL_1139 |
| 005 - FECHA Y HORA DE LA ÚLTIMA TRANSACCIÓN | |
| campo de control | 20190320211043.0 |
| 008 - DATOS DE LONGITUD FIJA--INFORMACIÓN GENERAL | |
| campo de control de longitud fija | 151113s1958----mx-#######---#000-0#spa-# |
| 041 ## - CÓDIGO DE LENGUA | |
| Código de lengua del texto/banda sonora o título independiente | spa |
| 044 ## - CÓDIGO DEL PAÍS DE LA ENTIDAD EDITORA/PRODUCTORA | |
| Código MARC del país | mx |
| 050 #4 - SIGNATURA TOPOGRÁFICA DE LA BIBLIOTECA DEL CONGRESO | |
| Número de clasificación | BV510.N3 |
| Número de documento/Ítem | .G37 1958 |
| 245 10 - MENCIÓN DE TÍTULO | |
| Título | Veinte himnos sacros de los nahuas |
| Mención de responsabilidad, etc. | Los recogió de los nativos Fr. Bernardino de Sahagún, Franciscano ; Los publica en su texto, con su versión, introducción, notas de comentario y apéndices de otras fuentes, Ángel Ma. Garibay K. |
| 260 ## - PUBLICACIÓN, DISTRIBUCIÓN, ETC. | |
| Lugar de publicación, distribución, etc. | México |
| Nombre del editor, distribuidor, etc. | UNAM, Instituto de Historia : Seminario de Cultura Nahuatl |
| Fecha de publicación, distribución, etc. | 1958 |
| 300 ## - DESCRIPCIÓN FÍSICA | |
| Extensión | 277 p. |
| Dimensiones | 23 cm. |
| 440 #0 - MENCIÓN DE SERIE/PUNTO DE ACCESO ADICIONAL--TÍTULO | |
| Título | Fuentes Indigenas de la Cultura Nahuatl |
| Nombre de parte o sección de la obra | Informantes de Sahagún |
| Designación de volumen o secuencia | 2 |
| 9 (RLIN) | 25902 |
| 500 ## - NOTA GENERAL | |
| Nota general | Au1308 |
| 500 ## - NOTA GENERAL | |
| Nota general | Incluye índice de nombres |
| 500 ## - NOTA GENERAL | |
| Nota general | Texto en: náhuatl y español |
| 504 ## - NOTA DE BIBLIOGRAFÍA, ETC. | |
| Nota de bibliografía, etc. | Bibliografía: p. 263-266 |
| 650 14 - PUNTO DE ACCESO ADICIONAL DE MATERIA--TÉRMINO DE MATERIA | |
| Término de materia o nombre geográfico como elemento de entrada | Himnos nahuas |
| 9 (RLIN) | 25903 |
| 700 1# - PUNTO DE ACCESO ADICIONAL--NOMBRE DE PERSONA | |
| Nombre de persona | Sahagún, Bernardino de |
| Títulos y otros términos asociados al nombre | Fray |
| Fechas asociadas al nombre | 1499-1590 |
| 9 (RLIN) | 16326 |
| 700 1# - PUNTO DE ACCESO ADICIONAL--NOMBRE DE PERSONA | |
| Nombre de persona | Garibay K., Angel Mariìa |
| Fechas asociadas al nombre | 1892-1967 |
| Forma completa/desarrollada del nombre | (Garibay Kintana) |
| 9 (RLIN) | 25904 |
| 902 ## - CATALOGADOR | |
| Iniciales | GRL |
| 942 ## - ELEMENTOS DE PUNTO DE ACCESO ADICIONAL (KOHA) | |
| Fuente del sistema de clasificación o colocación | Library of Congress Classification |
| Tipo de ítem Koha | Libros |
| Estado de retiro | Estado de pérdida | Estado dañado | No para préstamo | Localización permanente | Ubicación/localización actual | Fecha de adquisición | Número de inventario | Total de préstamos | Signatura topográfica completa | Código de barras | Fecha visto por última vez | Precio válido a partir de | Tipo de ítem Koha |
|---|---|---|---|---|---|---|---|---|---|---|---|---|---|
| El ejemplar forma parte de la colección y puede ser consultado según las políticas vigentes. | Biblioteca Centro de Estudios Ruth D. Lechuga | Biblioteca Centro de Estudios Ruth D. Lechuga | 15/11/2013 | Au1308 | BV510.N3 .G37 1958 (Au1308) | GRL01254 | 22/03/2019 | 22/03/2019 | Libros |